<?xml version="1.0" encoding="UTF-8"?>
<record
    xmlns:xsi="http://www.w3.org/2001/XMLSchema-instance"
    xsi:schemaLocation="http://www.loc.gov/MARC21/slim http://www.loc.gov/standards/marcxml/schema/MARC21slim.xsd"
    xmlns="http://www.loc.gov/MARC21/slim">

  <leader>01311nam0a2200361   4500</leader>
  <controlfield tag="001">RU\NLR\bibl\1720425</controlfield>
  <controlfield tag="005">20260405212806.0</controlfield>
  <datafield tag="010" ind1=" " ind2=" ">
    <subfield code="a">978-5-17-068475-5</subfield>
    <subfield code="b">&#x410;&#x421;&#x422;</subfield>
  </datafield>
  <datafield tag="010" ind1=" " ind2=" ">
    <subfield code="a">978-5-271-29142-5</subfield>
    <subfield code="b">&#x410;&#x441;&#x442;&#x440;&#x435;&#x43B;&#x44C;</subfield>
  </datafield>
  <datafield tag="010" ind1=" " ind2=" ">
    <subfield code="a">978-5-4215-1210-3</subfield>
    <subfield code="b">&#x41F;&#x43E;&#x43B;&#x438;&#x433;&#x440;&#x430;&#x444;&#x438;&#x437;&#x434;&#x430;&#x442;</subfield>
    <subfield code="9">3000</subfield>
  </datafield>
  <datafield tag="021" ind1=" " ind2=" ">
    <subfield code="a">RU</subfield>
    <subfield code="b">2010-95141</subfield>
    <subfield code="9">6416</subfield>
  </datafield>
  <datafield tag="035" ind1=" " ind2=" ">
    <subfield code="a">(nilc)RSL-KNO-004836441</subfield>
  </datafield>
  <datafield tag="035" ind1=" " ind2=" ">
    <subfield code="a">(LIBNET)IZD\AST\2007\1016944</subfield>
  </datafield>
  <datafield tag="035" ind1=" " ind2=" ">
    <subfield code="a">(NLR Aleph) 001711418</subfield>
  </datafield>
  <datafield tag="090" ind1=" " ind2=" ">
    <subfield code="a">1282600</subfield>
    <subfield code="c">1282600</subfield>
  </datafield>
  <datafield tag="100" ind1=" " ind2=" ">
    <subfield code="a">20101015d2010    |||y0rusy50      ca</subfield>
  </datafield>
  <datafield tag="101" ind1="1" ind2=" ">
    <subfield code="a">rus</subfield>
    <subfield code="c">por</subfield>
  </datafield>
  <datafield tag="102" ind1=" " ind2=" ">
    <subfield code="a">RU</subfield>
  </datafield>
  <datafield tag="105" ind1=" " ind2=" ">
    <subfield code="a">h   zzzz|||||</subfield>
  </datafield>
  <datafield tag="200" ind1="1" ind2=" ">
    <subfield code="a">&#x424;&#x43E;&#x440;&#x43C;&#x443;&#x43B;&#x430; &#x411;&#x43E;&#x433;&#x430;</subfield>
    <subfield code="f">&#x416;&#x43E;&#x437;&#x435; &#x420;&#x43E;&#x434;&#x440;&#x438;&#x433;&#x435;&#x448; &#x414;&#x443;&#x448; &#x421;&#x430;&#x43D;&#x442;&#x443;&#x448;</subfield>
    <subfield code="g">[&#x43F;&#x435;&#x440;. &#x441; &#x43F;&#x43E;&#x440;&#x442;&#x443;&#x433;. &#x410;. &#x411;&#x430;&#x442;&#x440;&#x430;&#x43A;&#x43E;&#x432;&#x430;]</subfield>
  </datafield>
  <datafield tag="210" ind1=" " ind2=" ">
    <subfield code="a">&#x41C;&#x43E;&#x441;&#x43A;&#x432;&#x430;</subfield>
    <subfield code="c">ACT [&#x438; &#x434;&#x440;.]</subfield>
    <subfield code="d">2010</subfield>
  </datafield>
  <datafield tag="215" ind1=" " ind2=" ">
    <subfield code="a">573, [1] &#x441;.</subfield>
    <subfield code="c">&#x444;&#x430;&#x43A;&#x441;.</subfield>
    <subfield code="d">21</subfield>
  </datafield>
  <datafield tag="686" ind1=" " ind2=" ">
    <subfield code="a">&#x428;5(4&#x41F;&#x440;)62-644.5</subfield>
    <subfield code="2">rubbk</subfield>
  </datafield>
  <datafield tag="686" ind1=" " ind2=" ">
    <subfield code="a">&#x428;6(4&#x41F;&#x440;)67-440.4{&#x41B;&#x445;1618}</subfield>
  </datafield>
  <datafield tag="700" ind1=" " ind2="1">
    <subfield code="4">070</subfield>
    <subfield code="8">rus</subfield>
    <subfield code="7">ca</subfield>
    <subfield code="a">&#x421;&#x430;&#x43D;&#x442;&#x443;&#x448;</subfield>
    <subfield code="b">&#x416;. &#x420;. &#x434;&#x443;&#x448;</subfield>
    <subfield code="f">1964-</subfield>
    <subfield code="g">&#x416;&#x43E;&#x437;&#x435; &#x420;&#x43E;&#x434;&#x440;&#x438;&#x433;&#x435;&#x448; &#x434;&#x443;&#x448;</subfield>
    <subfield code="3">RU\NLR\auth\7795860</subfield>
    <subfield code="9">78786</subfield>
  </datafield>
  <datafield tag="801" ind1=" " ind2="0">
    <subfield code="a">RU</subfield>
    <subfield code="b">&#x41B;&#x418;&#x411;&#x41D;&#x415;&#x422;</subfield>
    <subfield code="c">20101015</subfield>
    <subfield code="g">RCR</subfield>
  </datafield>
  <datafield tag="801" ind1=" " ind2="1">
    <subfield code="a">RU</subfield>
    <subfield code="b">&#x41B;&#x418;&#x411;&#x41D;&#x415;&#x422;</subfield>
    <subfield code="c">20101015</subfield>
  </datafield>
  <datafield tag="801" ind1=" " ind2="2">
    <subfield code="a">RU</subfield>
    <subfield code="b">&#x426;&#x423;&#x41D;&#x411; &#x41C;&#x43E;&#x441;&#x43A;&#x432;&#x430;</subfield>
    <subfield code="c">20101223</subfield>
    <subfield code="g">RCR</subfield>
  </datafield>
  <datafield tag="801" ind1=" " ind2="1">
    <subfield code="a">RU</subfield>
    <subfield code="b">RuMoRGB</subfield>
    <subfield code="c">20101015</subfield>
  </datafield>
  <datafield tag="801" ind1=" " ind2="2">
    <subfield code="a">RU</subfield>
    <subfield code="b">NLR</subfield>
    <subfield code="c">20110111</subfield>
    <subfield code="g">rcr</subfield>
  </datafield>
  <datafield tag="942" ind1=" " ind2=" ">
    <subfield code="c">BOOK</subfield>
  </datafield>
  <datafield tag="980" ind1=" " ind2=" ">
    <subfield code="a">NB</subfield>
  </datafield>
  <datafield tag="995" ind1=" " ind2=" ">
    <subfield code="5">2011-01-11</subfield>
    <subfield code="a">ad</subfield>
    <subfield code="b">NLR01</subfield>
    <subfield code="c">NLR01</subfield>
    <subfield code="e">RF8</subfield>
    <subfield code="f">3329238</subfield>
    <subfield code="k">2011-3/54</subfield>
    <subfield code="o">0</subfield>
    <subfield code="r">BOOK</subfield>
    <subfield code="s">2011354_</subfield>
  </datafield>
  <datafield tag="995" ind1=" " ind2=" ">
    <subfield code="5">2011-01-11</subfield>
    <subfield code="a">ad</subfield>
    <subfield code="b">NLR01</subfield>
    <subfield code="c">NLR01</subfield>
    <subfield code="e">RF8</subfield>
    <subfield code="f">3329239</subfield>
    <subfield code="k">2011-3/54</subfield>
    <subfield code="o">0</subfield>
    <subfield code="r">BOOK</subfield>
    <subfield code="s">2011354_</subfield>
  </datafield>
</record>
